Loading...
Science - Other Science | 0 | 6 | 0 | 0 | 60 | 81 | 94.83 | 2 | 6 |
Literature - British Literature | 0 | 5 | 0 | 0 | 50 | 65 | 105.40 | 3 | 5 |
Science - Physics | 0 | 4 | 1 | 1 | 35 | 90 | 106.25 | 1 | 4 |
Science - Chemistry | 0 | 3 | 0 | 2 | 30 | 98 | 117.33 | 1 | 2 |
Literature - American Literature | 0 | 2 | 0 | 0 | 20 | 103 | 110.00 | 0 | 1 |
Religion | 0 | 2 | 0 | 0 | 20 | 94 | 109.50 | 0 | 1 |
Science - Biology | 0 | 2 | 0 | 1 | 20 | 117 | 121.00 | 0 | 1 |
Mythology | 0 | 2 | 1 | 0 | 15 | 61 | 66.50 | 2 | 2 |
Fine Arts - Painting and Sculpture | 0 | 1 | 0 | 1 | 10 | 143 | 143.00 | 0 | 0 |
Literature - European Literature | 0 | 1 | 0 | 0 | 10 | 114 | 114.00 | 0 | 1 |
Literature - World Literature | 0 | 1 | 0 | 0 | 10 | 138 | 138.00 | 0 | 0 |
Social Science | 0 | 0 | 0 | 0 | 0 | 0.00 | 0 | 0 |